Reviews in operator theory, 1980-86: as printed in mathematical reviews

Saved in:
Bibliographic Details
Format: Book
Language:English
Published: Providence American Mathematical Society 1989
Subjects:
Tags: Add Tag
No Tags, Be the first to tag this record!

MARC

LEADER 00000nam a2200000 a 4500
001 UCO3062
003 CL-VaPUC
008 000714e19890000US |||||||||||||||||eng|d
082 0 4 |a 515.724  |b REV  |2 21 
245 1 0 |a Reviews in operator theory, 1980-86: as printed in mathematical reviews 
300 |a v 
942 |c BK 
945 |d 20000714 00:00:00  |a vberengu 
260 |a Providence  |b American Mathematical Society  |c 1989 
650 0 |a Operadores lineales  |9 271265 
650 7 |a TEORIA DE OPERADORES  |2 CL-VaPUC  |9 271302 
583 |a last modification  |c 20000714 00:00:00  |k Rodrigo Vera 
999 |c 289536  |d 289534 
952 |0 0  |1 0  |4 0  |6 515_724000000000000_REV_1989  |7 0  |8 A  |9 338060  |a BIBMAT  |b BIBMAT  |d 2019-11-20  |h v.1  |i 3603202  |o 515.724 REV 1989  |p 3603202  |r 2025-01-07  |w 2019-11-20  |y BK  |k MAT 
952 |0 0  |1 0  |4 0  |6 515_724000000000000_REV_1989  |7 0  |8 A  |9 338061  |a BIBMAT  |b BIBMAT  |d 2019-11-20  |h v.2  |i 3603210  |o 515.724 REV 1989  |p 3603210  |r 2025-01-07  |w 2019-11-20  |y BK  |k MAT 
952 |0 0  |1 0  |4 0  |6 515_724000000000000_REV_1989  |7 0  |8 A  |9 338062  |a BIBMAT  |b BIBMAT  |d 2019-11-20  |h v.3  |i 3603229  |o 515.724 REV 1989  |p 3603229  |r 2025-01-07  |w 2019-11-20  |y BK  |k MAT 
952 |0 0  |1 0  |4 0  |6 515_724000000000000_REV_1989  |7 0  |8 A  |9 338063  |a BIBMAT  |b BIBMAT  |d 2019-11-20  |h v.4  |i 3603237  |o 515.724 REV 1989  |p 3603237  |r 2025-01-07  |w 2019-11-20  |y BK  |k MAT